02321cam a22003494a 4500999001900000001000900019003000500028005001700033008004100050010001700091020002200108035002000130040002400150042000800174050002400182060002300206082001700229245007300246260004700319300004500366440001300411504005100424505116600475650001501641650003201656650002401688700002301712856007801735906004501813942001201858952010101870 c234551d23455114017802Nust20170322164915.0050623s2005 nyua b 001 0 eng  a 2005018243 a978-1-58829-344-2 a(DNLM)101250925 aDNLM/DLCcASABdDLC apcc00aRC933b.A66524 200510aWE 344bA7918 200500a616.7/2222200aArthritis research /cedited by Andrew P. Copebmethods and protocls aNew York :bNova Biomedical Books,cc2005. axi, 202 p. :bill. (some col.) ;c27 cm. vvolume I aIncludes bibliographical references and index.0 aEndocrine and cytokine regulation of glucose transport in chondrocytes: a key to understanding cartilage development and degradation in osteoarthritis / Ali Mobasheri ... et al. -- Joint disease caused by disturbance of negative regulatory mechanisms in GP130-mediated signaling / Minoru Fujimoto ... et al. -- The role of cyclooxygenase and prostaglandins in the pathogenesis of rheumatoid arthritis / Joanna Agnieszka Stanczyk and Marek Leszek Kowalski -- Physical function assessment in children with rheumatic diseases / L. Nandini ... et al. -- Management of ankylosing spondylitis and related spondylarthritis: established treatments, new pharmacological options, and anti-TNF Therapies / Éric A. Toussirot -- The salivary component of primary Sjögren's syndrome: diagnosis, pathogenesis, clinical features, and management / Anne Marie Lynge Pedersen and Birgitte Nauntofte -- Sjögren syndrome: a multisystem exocrinopathy-oral aspect / Ibtisam Al-Hashimi -- Persistant plaques and linear pigmentation in adult-onset Still's Disease / Kayano Suzuki ... et al. -- Novel therapies for the treatment of systemic lupus erythematosus / Mariana J. Kaplan. 0aArthritis.12aArthritisxphysiopathology.22aArthritisxtherapy.1 aColumbus, Frank H.413Table of contentsuhttp://www.loc.gov/catdir/toc/ecip0515/2005018243.html a7bcbccorignewd1eecipf20gy-gencatlg 2ddccBK 00102ddc40708NFICaASABbASABd2017-03-22l0o616.7 COPpASAB605r2017-03-22w2017-03-22yBK